000 00577nam a2200241Ia 4500
003 OSt
005 20220924143727.0
006 a|||||r|||| 00| 0
007 ta
008 220923b |||||||| |||| 00| 0 urd d
020 _c50
024 _a309893
037 _cTextual
040 _aARTS
_cARTS
_burd
041 _2urd
_aurd
082 _aO168:gx, M6
100 _aSattar Aadas
_9216690
245 0 _aNai tehreerein
260 _c1986
650 _aURDU LITERATURE
942 _hO168:gx, M6
_cTEXL
_2CC
999 _c455540
_d455540